Fuzzy odvodzovanie bakalárska práca

Saved in:
Bibliographic Details
Main Author: Psotný, Matej
Corporate Author: Fakulta hospodárskej informatiky EU. Katedra aplikovanej informatiky
Other Authors: Hudec, Miroslav, 1969-
Format: Book
Language:Slovak
Published: Bratislava 2015
Tags: Add Tag
No Tags, Be the first to tag this record!

MARC

LEADER 00000nbm a2200000 4500
001 0203638
005 20161212113849.9
041 0 |a slo 
044 |a SK 
245 1 0 |a Fuzzy odvodzovanie  |b bakalárska práca  |c Matej Psotný ; školiteľ: Miroslav Hudec 
264 1 |a Bratislava  |c 2015 
300 |a 39 s. 
100 1 |a Psotný, Matej 
700 1 |a Hudec, Miroslav, 1969- 
710 2 |a Fakulta hospodárskej informatiky EU. Katedra aplikovanej informatiky